01181nam a22003257a 4500003000900000005001700009007000300026008004100029040003000070041000800100082002600108100005200134245004200186250002200228264005200250300004500302336002700347337003300374338002800407500006300435504003900498590002700537650004000564650002000604650002500624910004900649942001400698952012600712999001700838DO-SdBNP20251008094815.0ta100909s1978 dr a 000 0 spa d aDO-SdBNPbspacBNPHUerda aspa 4a305.42bY22e 19782221 aYangüela, Violeta,d1942-eautor4aut.94498710aEsclava te doy /cVioleta Yangüela. aSegunda edición 4aSanto Domingo :bEditora Alfa y Omega,c©1978. a235 páginas :bilustraciones ;c15 cm. atextobtxt2rdacontent asin mediaciónbn2rdamedia avolumenbnc2rdacarrier aIncluye datos biográficos del autor en la contracubierta aBibliografía : páginas 231-232 aInventariado, 2018/MFF 4aMujeresxCondiciones sociales92063 4aFeminismo92525 4aRoles sexuales95380 aBtavárez. Validado. Control de calidad MFF 2ddccLBS1 00102ddc51708PDaBNPHUbBNPHUcCTd2025-10-02l0oBNPHU PD 305.42 Y22e 1978p2025-10913r2025-10-02w2025-10-02yLBS1 c59907d59907